Income level inequality as a migration factor in EU countries

Dôchodková nerovnosť v krajine pôvodu a bohatstvo cieľovej krajiny ako faktory migrácie. Ekonometrická analýza determinantov migrácie (so špeciálnym zreteľom na dôchodkovú nerovnosť) na údajoch z roku 2013 v 22 krajinách EÚ. Význam Giniho koeficientu.

Saved in:
Bibliographic Details
Main Author: Trnovský, Karol, 1983-
Other Authors: Toma, Ján
Format: Book Chapter
Language:English
Subjects:
Tags: Add Tag
No Tags, Be the first to tag this record!

MARC

LEADER 00000nla a2200000 4500
001 0237425
005 20240604111438.8
041 0 |a eng 
044 |a CZ 
245 1 0 |a Income level inequality as a migration factor in EU countries  |c Karol Trnovský, Ján Toma 
520 |a Dôchodková nerovnosť v krajine pôvodu a bohatstvo cieľovej krajiny ako faktory migrácie. Ekonometrická analýza determinantov migrácie (so špeciálnym zreteľom na dôchodkovú nerovnosť) na údajoch z roku 2013 v 22 krajinách EÚ. Význam Giniho koeficientu. 
610 2 0 |a migrácia 
610 2 0 |a pohyb síl pracovných 
610 2 0 |a nerovnosť dôchodková 
610 2 0 |a nerovnosť príjmová 
610 2 0 |a Európska únia 
100 1 |a Trnovský, Karol, 1983- 
700 1 |a Toma, Ján